000 00478nam a2200169Ia 4500
999 _c13457
_d13457
003 OSt
005 20201020093003.0
008 190216s9999||||xx |||||||||||||| ||und||
040 _coclc
082 _a320.954
_bNAM/C
100 _aNamboodiripad, E M S
_95938
245 0 _aCrisis Into Chaos /
_cE M S Namboodiripad
260 _bSangam Books,
_c1981.
300 _a161p
650 _aEnglish General
942 _cBK
_2ddc
_h320.954
_iNAM/C
_k320.954
_mNAM/C